000 00757nam a2200253 a 4500
001 BRCA_5069
005 20190320204927.0
008 091110s1922----gw-a######---#000-0#ger-#
041 _ager
044 _agw
050 4 _aNE651
_b.B62
_c1922
100 1 _aBock, Elfried
_d1875-1933
_97364
245 1 0 _aDie Deutsche Graphik
_cElfried Bock.
260 _aMunich, Alemania
_bFranz Hanftaengl
_c1922
300 _a364 p.
_bil. (algunas a color), 410 láminas
_c24 cm.
500 _aIncluye índice de ilustraciones e índice de artistas
500 _aEdición con cantos dorados
500 _aD158
650 1 4 _aGrabado
_zAlemania
_912925
650 1 4 _aGrabados alemanes
_912926
650 1 4 _aGrabadores alemanes
_97216
902 _aGFM
942 _2lcc
_cB
999 _c4763
_d4763